000 00319nam a22001457a 4500
008 180919b xxu||||| |||| 00| 0 eng d
020 _a9780136157380
041 _aeng
080 _a610.73
082 _a610.73
100 _a1
101 _aINF
245 _aMedical-Surgical Nursing
_cOsborn,K.S
942 _2udc
_cBK
999 _c47980
_d47980